Rozponaj zawodnika FC Barcelony #1 - Statystyki

Ogólne statystyki
  • Ten quiz został rozwiązany 86 razy
  • Średni wynik to 10 z 16
Statystyki odpowiedzi
Obrazkowy Odpowiedź % Poprawnych
Ronaldinho
96%
Ousmane Dembélé
93%
Antoine Griezmann
90%
Jules Koundé
90%
Sergio Busquets
88%
Ronald Araújo
87%
Raphinha
84%
Fermín López
74%
João Cancelo
68%
Claudio Bravo
66%
Kevin-Prince Boateng
47%
Francisco Trincão
38%
Malcom
34%
Giovanni van Bronckhorst
18%
Bernd Schuster
6%
Luis García
4%
Nie znaleziono quizów pasujących do podanych kryteriów
Rozkład punktacji
Procent ludzi z każdym wynikiem
Percentyl według liczby udzielonych odpowiedzi
Twoja historia wyników
Nie rozwiązałeś tego quizu